Thư mục các công trình khoa học 60 năm hình thành và phát triển trường Đại học Khoa học Xã hội và Nhân văn - Đại học Quốc gia Thành phố Hồ Chí Minh /
Đã lưu trong:
| Tác giả của công ty: | |
|---|---|
| Định dạng: | Sách giấy |
| Ngôn ngữ: | Vietnamese |
| Được phát hành: |
Tp. Hồ Chí Minh :
Đại học Quốc gia,
2017.
|
| Những chủ đề: | |
| Các nhãn: |
Thêm thẻ
Không có thẻ, Là người đầu tiên thẻ bản ghi này!
|
| Thư viện lưu trữ: | Thư viện Trường Đại học Đà Lạt |
|---|
| LEADER | 01236nam a2200325 4500 | ||
|---|---|---|---|
| 001 | DLU180183989 | ||
| 005 | ##20180316 | ||
| 020 | # | # | |a 9786047356805 |
| 040 | # | # | |a DLU |b vie |
| 041 | # | # | |a vie |
| 044 | # | # | |a vn |
| 082 | # | # | |a 016.3 |b TRU |
| 110 | # | # | |a Đại học Quốc gia Thành phố Hồ Chí Minh |b Trường đại học Khoa học Xã hội và Nhân văn. |
| 245 | # | # | |a Thư mục các công trình khoa học 60 năm hình thành và phát triển trường Đại học Khoa học Xã hội và Nhân văn - Đại học Quốc gia Thành phố Hồ Chí Minh / |c Trường đại học Khoa học Xã hội và Nhân văn |
| 246 | # | # | |a Thư mục các công trình khoa học sáu mươi năm hình thành và phát triển trường Đại học Khoa học Xã hội và Nhân văn - Đại học Quốc gia Thành phố Hồ Chí Minh |
| 260 | # | # | |a Tp. Hồ Chí Minh : |b Đại học Quốc gia, |c 2017. |
| 300 | # | # | |a 1655 tr. ; |c 28 cm. |
| 650 | # | # | |a Thư mục. |
| 923 | # | # | |a 02/2017 |
| 991 | # | # | |a SH |
| 992 | # | # | |a 83000 |
| 994 | # | # | |a DLU |
| 900 | # | # | |a True |
| 911 | # | # | |a Nguyễn Thanh Hương |
| 925 | # | # | |a G |
| 926 | # | # | |a A |
| 927 | # | # | |a SH |
| 980 | # | # | |a Thư viện Trường Đại học Đà Lạt |


